| 000 | 00467nam a2200157Ia 4500 | ||
|---|---|---|---|
| 008 | 230312s9999||||xx |||||||||||||| ||und|| | ||
| 020 | _a0-538-87785-5 | ||
| 082 |
_a658.15 _bMOY |
||
| 100 | _aR.Charles Moyer James R. Mcguigan | ||
| 245 | 0 | _aContemporary Financial Management | |
| 260 |
_bSouth-Western College Publishing _aUSA _c1998 |
||
| 300 | _a388 | ||
| 546 | _aEng. | ||
| 650 |
_aManagement _vTime Value of Money, Analysis of Risk and Return |
||
| 942 | _cBK | ||
| 999 |
_c736 _d736 |
||